Normal view
MARC view
- عوض،لويس
Entry Personal Name
001 - CONTROL NUMBER
- control field: 20697
003 - CONTROL NUMBER IDENTIFIER
- control field: JO-AjAnu
005 - DATE AND TIME OF LATEST TRANSACTION
- control field: 20230606073609.0
008 - FIXED-LENGTH DATA ELEMENTS
- fixed length control field: 230606|| aca||aabn | a|a d
040 ## - CATALOGING SOURCE
- Original cataloging agency: JO-AjAnu
- Transcribing agency: JO-AjAnu
100 ## - HEADING--PERSONAL NAME
- Personal name: عوض،لويس
670 ## - SOURCE DATA FOUND
- Source citation: Work cat.: (JO-AjAnu)10632: عوض،لويس, author, المؤثرات الأجنبية في الأدب العربي الحديث (2) الفكر السياسي والإجتماعي